| 000 | 01094nam a22002417a 4500 | ||
|---|---|---|---|
| 999 |
_c3726 _d3726 |
||
| 003 | OSt | ||
| 005 | 20241003111717.0 | ||
| 008 | 241003b ||||| |||| 00| 0 eng d | ||
| 020 | _a9780241396957 | ||
| 040 | _cKH8 | ||
| 082 | _aFIC KIN | ||
| 100 |
_aKinney, Jeff, _eauthor. _eillustrator. |
||
| 245 |
_aDiary of a Wimpy Kid : _bThe Deep End / _cJeff Kinney. |
||
| 260 |
_aLondon; _bPuffin, _c2022. |
||
| 300 |
_a217 pages: _billustration; _c20cm. |
||
| 440 |
_aDiary of a Wimpy Kid _n15 |
||
| 520 | _aWhen Greg Heffley and his family hit the road for a cross-country camping trip, they're ready for the adventure of a lifetime. But their plans hit a major snag, and they find themselves stranded at a campsite that's not exactly a summertime paradise. Things only get worse for the Heffley's when the skies open up and the water starts to rise, making them wonder if they can save their vacation -- or if they're already in too deep. | ||
| 650 | _aCamping Juvenile fiction | ||
| 650 | _aChildren's stories | ||
| 650 | _aDiary fiction | ||
| 830 | _aDiary of a wimpy kid | ||
| 942 |
_2ddc _cFIC |
||